000 01086cam a22001934a 4500
005 20250605164120.0
008 250528s ||||||||||||||||||||||||d
035 _a18251
020 _a471573671
040 _aGR-AtMCL
_bgre
_dGR-AtMCL
_eAACR2
245 1 _aQuantitative Research for the Behavioral Sciences
260 _bJohn Wiley & Sons, Ltd,
_c1992
300 _a380
520 _aIntroduction: Why Study Research Methods?, Fundamentals, The Nature and Kinds of Research, The Nature of Science, The Ethics of Research, Making and Using Measurements, The Theory of Measurement, Issues in Management, Measuring and Using Correlations, Experimental Methods, Fundamental Ideas in Experimental Methods, The Control of Extraneous Variables, Quasi-Experimental Research, Dealing with Results, Statistical Decisions, The Research Report, Science as a Human Activity, Appendices, Computers in Research, Displaying Data, Statistical Computations, Statistical Tables, References, Glossary, Index.
700 1 _aReaves Celia C
_94534
942 _cBK
999 _c3624
_d3624